000 00848nam a22002777a 4500
001 BR7200714
003 BR-BrBNA
005 20230928083811.0
007 ta
008 230509b bl.||||| |||| 00| 0 por d
040 _aBR-BrBNA
_bpor
_cBiblioteca Nacional de Agricultura
041 _a(Por)
072 _aF10; E10
_b2120
_b4230
_b/G514
090 _ 2120 BR7200714
110 1 _aBanco de Desenvolvimento do Parana S.A., Curitiba (Brasil)
_91089
245 1 _aMedidas de emergencia, solicitadas pelo governo do Estado a Uniao, para atenuar os efeitos das geadas de 1972 [cafe, Parana, Brasil]
260 3 _aCuritiba, PR (Brasil):
_c1972.
300 _a11 p.
650 _aCAFE
650 _aPERDA DA PRODUCAO
650 _aGEADA
650 _aFINANCIAMENTO
650 _aPARANA
909 _a202309
_bLucia
_c55
_dLucia Elande
942 _cBK
999 _c15300
_d15300